Social institutions and economic performance : studies of industrial relations in advanced capitalist economies

Αποθηκεύτηκε σε:
Λεπτομέρειες βιβλιογραφικής εγγραφής
Κύριος συγγραφέας: Streeck, Wolfgang 1946-
Μορφή: Βιβλίο
Γλώσσα:English
Δημοσίευση: London : Sage , c1992
Θέματα:
Ετικέτες: Προσθήκη ετικέτας
Δεν υπάρχουν, Καταχωρήστε ετικέτα πρώτοι!

MARC

LEADER 00000nam a2200000 i 4500
001 1/66340
008 990115s1992 eng d
020 |a 0-8039-8775-7 
035 |l 10047289 
040 |a GR-MY-UA  |b gre  |e aacr 
041 0 |a eng 
082 0 |a 331.0943 
100 1 |a Streeck, Wolfgang  |d 1946- 
245 1 0 |a Social institutions and economic performance :  |b studies of industrial relations in advanced capitalist economies /  |c Wolfgang Streeck 
260 |a London :   |b Sage ,   |c c1992 
300 |a 248 p. 
504 |a Includes bibliographical references and index 
650 0 0 |a Industrial relations  |z Germany (West) 
852 |a INST  |b LESVOS  |e 19990115  |h 331.0943 STR  |p 005100017249  |q 005100017249  |t BK  |y 0 
901 |a BIBL-1999-1 
909 |a Λ  |b 061445 
922 |a 1ΕΛΗ  |b 199811  |c ΚΠΣ/ΤΚ  |d ΠΑΠΑΣΩΤΗΡΙΟΥ 
950 |a 103-1998-07-27